|
|
|
|
| LEADER |
00612nam a22001811a 4500 |
| 020 |
|
|
|a 9788178849942
|
| 082 |
|
|
|a 294.592 1
|b SSR/S
|
| 100 |
|
|
|a S S Rai
|9 4230
|
| 245 |
|
|
|a Studies in indian literature and history/
|
| 260 |
|
|
|a New Delhi:
|b Cyber Tech,
|c 2012.
|
| 300 |
|
|
|a 280p.
|
| 650 |
|
|
|a Hinduism
|9 4231
|
| 650 |
|
|
|a Indian Literature
|9 4232
|
| 650 |
|
|
|a Religion
|9 4233
|
| 650 |
|
|
|a Vedic Literature
|9 4234
|
| 942 |
|
|
|c BK
|
| 999 |
|
|
|c 44489
|d 44489
|
| 952 |
|
|
|0 0
|1 0
|4 0
|6 294_592000000000000_1_SSR_S
|7 0
|9 64380
|a SSUS
|b SSUS
|c STACKS
|d 2015-01-08
|g 900.00
|l 7
|o 294.592 1 SSR/S
|p 065810
|r 2017-06-30
|s 2017-06-24
|v 0.00
|w 2015-01-08
|y BK
|